| 000 | 01826cam a22004214i 4500 | ||
|---|---|---|---|
| 003 | PE-LiUPU | ||
| 005 | 20250731175634.0 | ||
| 008 | 150625s2008 xxka r 000 0 eng d | ||
| 020 | _a0194791661 | ||
| 020 | _a9780194791663 | ||
| 035 | _a(Sirsi) i9780194791663 | ||
| 040 |
_aPE-LiUPU _bspa _cPE-LiUPU _dPE-LiUPU _erda |
||
| 049 | _aPRUA | ||
| 082 | 0 | 4 |
_a428.07 _bOB _221 |
| 100 | 1 |
_aSewell, Anna, _d1820-1878, _eautor. |
|
| 245 | 1 | 0 |
_aBlack beauty / _cAnna Sewell ; con ilustraciones de Lucy Kemp-Welch. |
| 264 | 1 |
_aOxford : _b[Oxford University Press], _c[2008]. |
|
| 300 |
_a88 páginas : _bilustraciones ; _c20centímetros. |
||
| 336 |
_atext _2rdacontent |
||
| 337 |
_aunmediated _2rdamedia |
||
| 338 |
_avolume _2rdacarrier |
||
| 490 | 0 |
_aOxford bookworms ; _v4 |
|
| 505 | 0 | _aMy first home -- Birtwick park -- Ginger's story -- Kindness and cruelty -- The strom -- The fire -- Joe Green -- Earlshall park -- The accident and new masters -- A london cab horse -- Goodbye to old friends -- Hard times -- My last home. | |
| 526 | _aP145 | ||
| 526 | _aP127 | ||
| 526 | _aP97 | ||
| 526 | _aP35 | ||
| 526 | _aP14 | ||
| 526 | _aP07 | ||
| 541 | _g016-0013424; | ||
| 650 | 0 | 4 |
_aCaballos _xFicción. |
| 650 | 0 | 4 |
_aInglés _xLibros de lectura. |
| 942 |
_2ddc _cBOOK |
||
| 949 |
_a428.07 OB 4 _wDEWEY _c1 _i59122 _d2016-10-18 _e2016-10-17 _lCCODEBUL1 _mBUL _n2 _p8.00 _r0 _sY _tBOOK _u2015-6-25 _xFCE _zAGB _0COMPRA _o.STAFF. Colección Ciencias Empresariales |
||
| 994 |
_aC0 _bPEPRU |
||
| 596 | _a1 | ||
| 999 |
_a428.07 OB 4 _wDEWEY _c47941 _i59122 _d47941 _e2016-10-17 _f2021-11-8 _g6 _lCCODEBUL1 _mBUL _n2 _p8.00 _r0 _sY _tBOOK _u2015-6-25 _xEDUCACION _zAGB _0COMPRA _o.STAFF. Colección Ciencias Empresariales |
||
| 980 |
_81 _gALBERTO SANCHEZ Responsable de Automatización |
||